| 000 | 00614nam a22002177a 4500 | ||
|---|---|---|---|
| 003 | LK-CoMWRAF | ||
| 005 | 20231206132806.0 | ||
| 008 | 230817t1999 ||||| |||| 00| 0 eng d | ||
| 020 | _a1851681469 | ||
| 040 |
_aLK-CoMWRAF _dLK-CoMWRAF _eLK-CoMWRAF |
||
| 041 | _aeng | ||
| 082 |
_a297 _bESA |
||
| 100 | _aEsack,Farid | ||
| 245 |
_aOn being a Muslim : _bFinding a religious path In the world today |
||
| 260 |
_aEngland : _bOne World, _c1999 |
||
| 300 |
_ax, 212p. ; 22cm. _bBibliography and index included |
||
| 650 | _aReligious life -- Islam | ||
| 650 | _aIslam -- Doctrines | ||
| 650 | _aIslam | ||
| 942 | _cBK | ||
| 999 |
_c531 _d531 |
||